00398nam a2200145Ia 450000100060000000800410000602000180004704000130006508200190007810000190009724500600011626000580017630000110023454600070024517025140405s9999 xx 000 0 und d a0-12-683620-5 cPK-LaUMT a 004.67bTAP-W aRebecca Tapley aWho's afraid of wseb page design? [+CD]cRebecca Tapley aSan Francisco,USA:bMorgan Kaufmann Publishers,c1999 a422 p. aEN